| 000 | 00789nam a2200229 i 4500 | ||
|---|---|---|---|
| 001 | 42947 | ||
| 003 | ES-MaACL | ||
| 005 | 20250906063043.0 | ||
| 007 | t| | ||
| 008 | 030314s1971 sp af |||| | spa d | ||
| 080 | _a355.489(100)"1939/45" | ||
| 100 | 1 |
_aCastro, Ferdinando _936854 |
|
| 245 | 1 | 4 |
_aLos kamikazes : _bhistoria de los pilotos suicidas japoneses en la Segunda Guerra Mundial / _cFerdinando Castro ; [traducido por José M.ª Mundet]. |
| 260 |
_aBarcelona : _bDe Vecchi, _c[1971] |
||
| 300 |
_a190 p., 16 lám. ; _c21 cm. |
||
| 650 | 0 | 4 |
_aGuerra mundial, 1939-1945- _xOperaciones aéreas. _913246 |
| 650 | 4 |
_aPilotos kamikaze. _9162031 |
|
| 700 | 1 |
_aMundet Gifre, Josep Maria. _9150931 |
|
| 852 |
_aES-MaACL _jC-47786 |
||
| 942 | _2udc | ||
| 999 |
_c42947 _d42947 |
||